Právne aspekty ochrany medzinárodných investícií bakalárska práca

Saved in:
Bibliographic Details
Main Author: Fidlušová, Jana
Corporate Author: Obchodná fakulta EU. Katedra obchodného práva
Other Authors: Mišura, Ján
Format: Book
Language:Slovak
Published: Bratislava 2011
Tags: Add Tag
No Tags, Be the first to tag this record!

MARC

LEADER 00000nam a2200000 4500
001 0151462
005 20240320072132.3
041 0 |a slo 
044 |a SK 
245 1 0 |a Právne aspekty ochrany medzinárodných investícií  |b bakalárska práca  |c Jana Fidlušová ; školiteľ: Ján Mišura 
264 1 |a Bratislava  |c 2011 
300 |a 37 s. 
100 1 |a Fidlušová, Jana 
700 1 |a Mišura, Ján 
710 2 |a Obchodná fakulta EU. Katedra obchodného práva